Online katalóg knižníc regiónu Turca

Vražda musí počkať ; Vôľa kmeňa ; Prekliaty dom (Record no. 20695)

MARC details
000 -LEADER
fixed length control field 01240nam a2200373 a 4500
001 - CONTROL NUMBER
control field 20695
003 - CONTROL NUMBER IDENTIFIER
control field VRT
005 - DATE AND TIME OF LATEST TRANSACTION
control field 20260130102444.0
008 - FIXED-LENGTH DATA ELEMENTS--GENERAL INFORMATION
fixed length control field 950616s1988 xo g 000 1 slo c
035 ## - SYSTEM CONTROL NUMBER
System control number UKB000171471
039 #9 - LEVEL OF BIBLIOGRAPHIC CONTROL AND CODING DETAIL [OBSOLETE]
Level of rules in bibliographic description 201707181246
Level of effort used to assign nonsubject heading access points fuskovaz
Level of effort used to assign subject headings 201703061326
Level of effort used to assign classification gluc
040 ## - CATALOGING SOURCE
Original cataloging agency BAA001
Language of cataloging slo
Transcribing agency BAA001
Description conventions AACR2
041 1# - LANGUAGE CODE
Language code of text/sound track or separate title slo
Language code of original eng
044 ## - COUNTRY OF PUBLISHING/PRODUCING ENTITY CODE
MARC country code xo
ISO country code SK
084 ## - OTHER CLASSIFICATION NUMBER
Classification number W 6(4VB)-644.61 Z' 44
Number source UKB
100 1# - MAIN ENTRY--PERSONAL NAME
Personal name Upfield, Arthur William,
Dates associated with a name 1888-1964
245 10 - TITLE STATEMENT
Title Vražda musí počkať ; Vôľa kmeňa ; Prekliaty dom
Statement of responsibility, etc. Arthur Upfield ; [z angl. orig. prel. Pavel Branko]
260 ## - PUBLICATION, DISTRIBUTION, ETC.
Place of publication, distribution, etc. Bratislava
Name of publisher, distributor, etc. Slovenský spisovateľ
Date of publication, distribution, etc. 1988
300 ## - PHYSICAL DESCRIPTION
Extent 539 s.
490 1# - SERIES STATEMENT
Series statement Zelená knižnica
500 ## - GENERAL NOTE
General note Dokument obsahuje 3 diela od autora
530 ## - ADDITIONAL PHYSICAL FORM AVAILABLE NOTE
Additional physical form available note Dostupný aj zvukový záznam
700 1# - ADDED ENTRY--PERSONAL NAME
Personal name Branko, Pavel
Relationship trl
740 02 - ADDED ENTRY--UNCONTROLLED RELATED/ANALYTICAL TITLE
Uncontrolled related/analytical title Vôľa kmeňa
740 02 - ADDED ENTRY--UNCONTROLLED RELATED/ANALYTICAL TITLE
Uncontrolled related/analytical title Prekliaty dom
776 0# - ADDITIONAL PHYSICAL FORM ENTRY
Title Prekliaty dom
Relationship information [zvukový záznam]
830 #0 - SERIES ADDED ENTRY--UNIFORM TITLE
Uniform title Zelená knižnica
910 ## - USER-OPTION DATA (OCLC)
User-option data ukb
942 ## - ADDED ENTRY ELEMENTS (KOHA)
Source of classification or shelving scheme Dewey Decimal Classification
Koha item type Krásna literatúra pre dospelých
Suppress in OPAC No
949 ## - LOCAL PROCESSING INFORMATION (OCLC)
6 1800339658
a 30.D.16067
b PV.4023-88
949 ## - LOCAL PROCESSING INFORMATION (OCLC)
6 171471-20
a SL.D.05729
b PV.4024-88
949 ## - LOCAL PROCESSING INFORMATION (OCLC)
6 171471-30
a 30.D.16067
b KD.1101-88
s 4700:20121214
949 ## - LOCAL PROCESSING INFORMATION (OCLC)
6 171471-40
a 30.D.16067
b KD.1102-88
s 4700:20121214
Holdings
Stav vyradenia Strata Poškodenie Spôsob nadobudnutia Domovská knižnica Aktuálna knižnica Dátum nadobudnutia Total checkouts Čiarový kód exemplára Date last seen Typ exemplára
      Dar Obecná knižnica Horná Štubňa Obecná knižnica Horná Štubňa 30.01.2026   4736200826 30.01.2026 Krásna literatúra pre dospelých
Projekt je podporený Slovenskou asociáciou knižníc
Prevádzkuje Turčianska knižnica Martin 2026